Celebrity Endorsement Ads Slideshow Quiz Stats

Quiz Updated Oct 5, 2015

Challenge
Share
Tweet
Score 0/26 Timer 07:00
0 Plays Today
% Correct
Brad Pitt
96%
Pink
95.9%
Ellen DeGeneres
89.4%
Emma Watson
80.4%
James Franco
74.6%
Gwen Stefani
73.3%
Angelina Jolie
71.5%
Liv Tyler
65.9%
Anne Hathaway
62.5%
Kirsten Dunst
61%
Scarlett Johansson
59.8%
Mila Kunis
58.6%
Sofia Vergara
58.4%
% Correct
Matthew McConaughey
58.3%
Charlize Theron
53.8%
Faith Hill & Tim Mcgraw
51.7%
Demi Moore
50.7%
Ewan McGregor
48.2%
Andie MacDowell
41.7%
Katie Holmes
41.4%
Emily Blunt
37.9%
Michelle Williams
32.8%
Olivia Wilde
32.3%
Eric Bana
23.7%
Janelle Monáe
20.9%
Simon Baker
19.7%

You're not logged in!

Compare scores with friends on all Sporcle quizzes.
Join for Free
OR
Log In

You Might Also Like...

Show Comments

Extras

Top Quizzes Today


Score Distribution

Your Account Isn't Verified!

In order to create a playlist on Sporcle, you need to verify the email address you used during registration. Go to your Sporcle Settings to finish the process.

Report this User

Report this user for behavior that violates our Community Guidelines.

Details: